000 01432cam a22003857a 4500
003 CHAP
005 20220329142740.0
008 030520s2003 mx a r 00010 spa d
010 _a87204
011 _a88176
035 _a98721
040 _cCHAP
090 _aTesis
100 0 0 _aArcos Roa, Javier.
_96843
245 1 0 _aFluctuación de poblaciones de los psilidos del eucalipto, Glycaspis brimblecombei Moore y Blastopsylla occidentalis Taylor en el Valle de México
_c/por Javier Arcos Roa
260 _aChapingo, Méx. :
_bEl autor,
_c2003.
300 _a81 h. ;
_bilus. ; gráfs.
502 _aTesis (M.C. en Ciencias Forestales) -- UACH. División de Ciencias Forestales
530 _aTambién disponible en línea
590 _aALEPH
_b10
_c20130110
_lUCH01
_h1453
590 _aBATCH-UPD
_b10
_c20130110
_lUCH01
_h0832
590 _aBATCH-UPD
_b10
_c20140324
_lUCH01
_h1438
590 _aBATCH-UPD
_b10
_c20141002
_lUCH01
_h0818
590 _aBATCH
_b00
_c20181121
_lUCH01
_h0758
590 _aCONVERSION
_b10
_c20130109
_lUCH01
_h1348
650 1 4 _aBosques
_xPlagas.
_914363
650 1 4 _aEucalipto
_xPlagas.
_938818
856 _3Finding aid
_uhttp://10.13.5.2/tesis/98721.pdf
_zTeclea aqui
856 _a1
_n0000469
901 _aBK
905 _aMayto Villalobos S.
942 _cFOLL
949 _aTesis
_bBC
_cTES
_d33724000917233
_eTS2
_fc.2
_h40853
_i98721
_si
949 _aTesis
_bBC
_cTES
_d98721123
_eTS1
_h40852
_i98721
_sb
999 _c87204
_d87204